000 00699nam a22002537a 4500
001 37864
003 UA-OsUOA
005 20201201202614.0
007 ta
008 20060412b un ||||| |||| 00| 0 ukr d
020 _a966-611-051-2
040 _aUA-OsUOA
_bukr
_cUA-OsUOA
_dUA-OsUOA
041 _aukr
080 _a82.94
090 _a82.94
_bФ76
100 _aФомин Ю.
245 _aЧеловек из легенды
260 _aК.
_bДП "Ясон-К"
_c2000
300 _a96 с.
650 7 _a82 Література. Літературознавство
_2UDC
942 _cBK
_2udc
955 _a2
999 _c324032
_d324032